000 01098cam a22003014a 4500
001 15944227
003 OSt
005 20170302093514.0
008 091014s2011 at a 001 0 eng
010 _a 2009939190
020 _a9781439040508
020 _a1439040508
040 _aDLC
_cDLC
_dDLC
050 0 0 _aHB171.5
_b.S5447 2011
100 1 _aSexton, Robert L.
245 1 0 _aExploring microeconomics /
_cRobert L. Sexton.
250 _a5th ed.
260 _aAustralia ;
_aMason, OH :
_bSouth-Western Cengage Learning,
_cc2011.
300 _axxxii, 637 p. :
_bcol. ill. ;
_c28 cm.
500 _aIncludes index.
650 0 _aEconomics.
856 4 2 _3Contributor biographical information
_uhttp://www.loc.gov/catdir/enhancements/fy1105/2009939190-b.html
856 4 2 _3Publisher description
_uhttp://www.loc.gov/catdir/enhancements/fy1105/2009939190-d.html
856 4 1 _3Table of contents only
_uhttp://www.loc.gov/catdir/enhancements/fy1105/2009939190-t.html
906 _a7
_bcbc
_corignew
_d3
_eepcn
_f20
_gy-gencatlg
942 _2lcc
_cBK
999 _c255900
_d255899